01253nas a2200361 4500001001300000003000900013005001700022007000300039008003400042040005400076041000900130072000800139100002400147100002100171100001300192100001900205100001800224100001900242100002100261100001500282100002100297245015500318650001300473650001600486650002500502650001700527650002500544773009200569909004000661942001800701999001900719952015300738BR2010001919BR-BrBNA20231205114014.0ta230509b bl.|||p| |||| 00| 00por d aBR-BrBNAbporcBiblioteca Nacional de Agricultura a(Pt) aL721 aNicolodi,, P.R.S.J.1 aCamargo, E.V. de1 aZeni, D.1 aRocha, R.X. da1 aCyrillo, F.C.1 aSouza, F.N. de1 aLibera, A.M.M.D.1 aBondan, C.1 aLeal, M.L. do R.1 aPerfil proteico e metabolismo oxidativo de cordeiros experimentalmente infectados pelo Haemonchus contortus e suplementados com selênio e vitamina E aCORDEIRO aNEMATÓIDE aMETABOLISMO PROTEICO aINFECÇÃO aSUPLEMENTO ALIMENTAR0 tCiência Rural (Brazil)xISSN 0103-8478g(Mar 2010), v. 40(3) p. 561-567wBR2010001919 a202311bLúciac55dLúcia Elande 2AGRISn0cANA c206678d206678 002AGRIS4071a41918b41918cPeriódicos Agrícolash(Mar 2010), v. 40(3) p. 561-567l0r2023-11-29t01yCRePortaria Interministerial nº 164/94